| 000 | 00771nam a2200193Ii 4500 | ||
|---|---|---|---|
| 003 | JO-AjNU | ||
| 008 | 230605s9999||||xx |||||||||||||| ||und|| | ||
| 040 |
_aJO-AjNU _bara _erda _cJO-AjNU |
||
| 041 | _aara | ||
| 050 | 1 | 4 | _aDS153.A3.W36 2005 |
| 100 | 3 |
_aاشراف الطوالبة، عبدالله؛ اعداد وتحرير وتدقيق النجار، محمد رفيق, _eauthor _939759 |
|
| 245 | 0 | 0 | _aالوقائع والوثائق الأردنية: الربع الثالث 2005 |
| 264 | 3 | 1 | _aعمان: دائرة المطبوعات والنشر، 2005 |
| 300 | _a186ص | ||
| 336 |
_atext _btxt _2rdacontent |
||
| 337 |
_aunmediated _bn _2rdamedia |
||
| 338 |
_avolume _bnc _2rdacarrier |
||
| 650 | 4 |
_aالاردن- وثائق تاريخية2005 -تاريخ _939760 |
|
| 999 |
_aA16819 _c20387 _d20387 |
||